[Event "GER-ch Net Amateur Gr-B Vor2"]
[Site "Playchess.com INT"]
[Date "2020.04.15"]
[Round "5"]
[White "Qayumi, Roman"]
[Black "Schmitt, Carsten1111"]
[Result "1/2-1/2"]
[WhiteElo "1567"]
[BlackElo "1714"]
[PlyCount "133"]
[EventDate "2020.04.15"]
[EventType "swiss (blitz)"]
[EventRounds "9"]
[EventCountry "GER"]
[SourceTitle "CBM 196 Extra"]
[Source "ChessBase"]
[SourceDate "2020.07.31"]
[SourceVersion "1"]
[SourceVersionDate "2020.07.31"]
[SourceQuality "1"]

1. e4 e6 2. d4 d5 3. exd5 exd5 4. Nf3 Nf6 5. Bd3 c5 6. Qe2+ Be7 7. c3 0-0 8. 0-0 Re8 9. dxc5 Bxc5 10. Qc2 Bg4 11. Nbd2 h6 12. h3 Bh5 13. g4 Bxg4 14. hxg4 Nxg4 15. Nb3 Bb6 16. Nbd4 Nc6 17. Bf5 Nce5 18. Bf4 Nxf3+ 19. Nxf3 Nf6 20. Rfe1 g5 21. Rxe8+ Qxe8 22. Re1 Qb5 23. Be5 Ne4 24. Bxe4 dxe4 25. Rxe4 f5 26. Rb4 Qe8 27. Qb3+ Kh7 28. Kg2 g4 29. Nh4 Qxe5 30. Qf7+ Qg7 31. Qxf5+ Kg8 32. Rxg4 Rf8 33. Rxg7+ Kxg7 34. Qg6+ Kh8 35. Qxh6+ Kg8 36. Ng6 Rxf2+ 37. Kg3 Rxb2 38. Ne7+ Kf7 39. Nd5 Bf2+ 40. Kf3 Rxa2 41. Qf6+ Kg8 42. Qe6+ Kg7 43. Ne7 Bc5 44. Qxa2 Kf6 45. Qc4 Bxe7 46. Qc7 b5 47. Qxa7 b4 48. c4 b3 49. Qb7 Kf7 50. Qxb3 Ke8 51. Qb5+ Kd8 52. c5 Kc8 53. c6 Bd8 54. Qc4 Bc7 55. Qd5 Kb8 56. Qd7 Ka8 57. Qc8+ Bb8 58. Qc7 Bxc7 59. Ke4 Kb8 60. Kd5 Kc8 61. Kc5 Bb8 62. Kb6 Bc7+ 63. Kb5 Bb8 64. Kc5 Bc7 65. Kb5 Bb8 66. Kc5 Bc7 67. Kb5 1/2-1/2

[Event "GER-ch Net blitz qual4"]
[Site "Playchess.com INT"]
[Date "2020.03.23"]
[Round "6"]
[White "Qayumi, Roman"]
[Black "Brunke, Pascal"]
[Result "0-1"]
[WhiteElo "1762"]
[BlackElo "1973"]
[PlyCount "92"]
[EventDate "2020.03.23"]
[EventType "swiss (blitz)"]
[EventRounds "9"]
[EventCountry "GER"]
[SourceTitle "CBM 195 Extra"]
[Source "ChessBase"]
[SourceDate "2020.05.31"]
[SourceVersion "1"]
[SourceVersionDate "2020.05.31"]
[SourceQuality "1"]

1. d4 f5 2. Nf3 Nf6 3. g3 g6 4. Bg2 Bg7 5. 0-0 d6 6. c4 c6 7. Nc3 0-0 8. Rb1 a5 9. Qc2 Na6 10. a3 Qc7 11. b4 axb4 12. axb4 e5 13. b5 Nb8 14. dxe5 dxe5 15. Bb2 Nbd7 16. Nd2 e4 17. Nb3 Ne5 18. bxc6 bxc6 19. c5 Be6 20. Ra1 Nd5 21. Nxd5 Bxd5 22. Nd4 Nc4 23. Bc3 Qf7 24. e3 Ne5 25. Ne2 Nd3 26. Bxg7 Qxg7 27. Rxa8 Rxa8 28. Qc3 Ra2 29. Qxg7+ Kxg7 30. Nc3 Rc2 31. Nxd5 cxd5 32. f3 Nxc5 33. Rd1 Nd3 34. Bf1 Nb4 35. Rb1 Nc6 36. Rd1 Ne7 37. fxe4 dxe4 38. Rd7 Kf6 39. Rd6+ Ke5 40. Rd8 Nd5 41. Re8+ Kf6 42. Rh8 Nxe3 43. Bb5 Rg2+ 44. Kh1 Rb2 45. Ba6 Rb1+ 46. Bf1 Rxf1# 0-1

[Event "GER-ch Net blitz qual4"]
[Site "Playchess.com INT"]
[Date "2020.03.23"]
[Round "1"]
[White "Qayumi, Roman"]
[Black "Riesner, Daniel"]
[Result "0-1"]
[WhiteElo "1762"]
[BlackElo "1967"]
[PlyCount "128"]
[EventDate "2020.03.23"]
[EventType "swiss (blitz)"]
[EventRounds "9"]
[EventCountry "GER"]
[SourceTitle "CBM 195 Extra"]
[Source "ChessBase"]
[SourceDate "2020.05.31"]
[SourceVersion "1"]
[SourceVersionDate "2020.05.31"]
[SourceQuality "1"]

1. d4 Nf6 2. c4 e6 3. Nc3 Bb4 4. Qc2 b6 5. e4 c5 6. d5 Qe7 7. Be2 exd5 8. exd5 d6 9. Nf3 0-0 10. 0-0 Bxc3 11. bxc3 Bg4 12. h3 Bh5 13. Bf4 Qc7 14. Rfe1 Nbd7 15. Bd3 Rfe8 16. g4 Bg6 17. Bxg6 hxg6 18. Kg2 Kf8 19. Re3 Rxe3 20. Bxe3 Re8 21. Re1 Kg8 22. Bf4 Kf8 23. Rxe8+ Nxe8 24. Qe2 Qd8 25. Bg5 f6 26. Bf4 Qe7 27. Qxe7+ Kxe7 28. h4 Ne5 29. Nxe5 dxe5 30. Be3 Nd6 31. Kf3 Nxc4 32. h5 gxh5 33. gxh5 Nd6 34. h6 gxh6 35. Bxh6 f5 36. Bg7 Nf7 37. Ke3 Kd6 38. c4 Ng5 39. f3 Nf7 40. Bf6 a6 41. a4 Nh6 42. Bd8 b5 43. axb5 axb5 44. cxb5 Kxd5 45. b6 Kc6 46. Bc7 Nf7 47. f4 e4 48. Kd2 Nd6 49. Kc3 Nb5+ 50. Kc4 Nxc7 51. bxc7 Kxc7 52. Kxc5 e3 53. Kd4 e2 54. Ke5 e1Q+ 55. Kxf5 Kd7 56. Kf6 Ke8 57. f5 Qe7+ 58. Kg6 Kf8 59. f6 Qe4+ 60. Kg5 Kf7 61. Kh6 Kxf6 62. Kh5 Qg2 63. Kh4 Kf5 64. Kh5 Qg5# 0-1

[Event "GER-ch Net blitz qual3"]
[Site "Playchess.com INT"]
[Date "2020.03.21"]
[Round "3"]
[White "Qayumi, Roman"]
[Black "Bock, Felix"]
[Result "1-0"]
[WhiteElo "1762"]
[BlackElo "1328"]
[PlyCount "137"]
[EventDate "2020.03.21"]
[EventType "swiss (blitz)"]
[EventRounds "9"]
[EventCountry "GER"]
[SourceTitle "CBM 195 Extra"]
[Source "ChessBase"]
[SourceDate "2020.05.31"]
[SourceVersion "1"]
[SourceVersionDate "2020.05.31"]
[SourceQuality "1"]

1. d4 d5 2. c4 c6 3. Nc3 Nf6 4. e3 Bf5 5. cxd5 e6 6. dxe6 Bxe6 7. Nf3 Bb4 8. Be2 c5 9. 0-0 Nc6 10. a3 Bxc3 11. bxc3 0-0 12. Qc2 cxd4 13. cxd4 Qd7 14. Bb2 Bf5 15. Bd3 Bxd3 16. Qxd3 Rfe8 17. Rfe1 Rad8 18. e4 Ne5 19. Nxe5 Qd6 20. Qg3 Qb6 21. Rab1 g6 22. d5 Qd6 23. h3 Nh5 24. Qg5 f6 25. Nc4 fxg5 26. Nxd6 Rxd6 27. e5 Rxd5 28. Bc3 Ng7 29. Rxb7 Rdd8 30. Rxa7 h5 31. e6 Nxe6 32. Ra6 Nc7 33. Rxe8+ Rxe8 34. Rc6 Nb5 35. Bb4 Nd4 36. Rc7 Ne6 37. Rb7 Nd8 38. Rb8 Kf7 39. Ba5 Ke7 40. Rxd8 Rxd8 41. Bxd8+ Kxd8 42. Kf1 Kc7 43. Ke2 Kc6 44. Ke3 Kc5 45. Ke4 g4 46. hxg4 hxg4 47. Kf4 Kb5 48. Kxg4 Ka4 49. Kg5 Kxa3 50. Kxg6 Kb4 51. f4 Kc5 52. f5 Kd6 53. f6 Kd7 54. f7 Ke7 55. Kg7 Ke6 56. f8Q Kd7 57. Qf3 Ke6 58. g4 Ke5 59. g5 Ke6 60. g6 Ke5 61. Kh6 Ke6 62. g7 Ke5 63. g8Q Kd6 64. Qgg2 Ke6 65. Qge2+ Kd6 66. Qfd3+ Kc5 67. Qec2+ Kb4 68. Qdb3+ Ka5 69. Qca2# 1-0

[Event "GER-ch Net blitz qual3"]
[Site "Playchess.com INT"]
[Date "2020.03.21"]
[Round "2"]
[White "Qayumi, Roman"]
[Black "Winkels, Marcel"]
[Result "0-1"]
[WhiteElo "1762"]
[BlackElo "1990"]
[PlyCount "76"]
[EventDate "2020.03.21"]
[EventType "swiss (blitz)"]
[EventRounds "9"]
[EventCountry "GER"]
[SourceTitle "CBM 195 Extra"]
[Source "ChessBase"]
[SourceDate "2020.05.31"]
[SourceVersion "1"]
[SourceVersionDate "2020.05.31"]
[SourceQuality "1"]

1. d4 Nf6 2. c4 g6 3. Nc3 Bg7 4. e4 d6 5. h3 0-0 6. Bg5 c5 7. d5 h6 8. Be3 e6 9. dxe6 Bxe6 10. Nf3 Nc6 11. Be2 Qc7 12. 0-0 a6 13. Qd2 Kh7 14. a3 Rad8 15. Qc2 Nd7 16. Nd5 Bxd5 17. exd5 Nce5 18. b4 Nxf3+ 19. Bxf3 Ne5 20. Rac1 Nxf3+ 21. gxf3 b6 22. Kh1 Qd7 23. Kh2 f5 24. Rg1 Qf7 25. Rg2 Rg8 26. Rcg1 Bf6 27. Qd2 Be5+ 28. Kh1 f4 29. Bxc5 bxc5 30. bxc5 dxc5 31. Qa5 Qd7 32. Kh2 Qd6 33. Qd2 Bd4 34. Qd3 Rdf8 35. Qe4 Qe5 36. Qd3 Rf5 37. Rg4 Rg7 38. R1g2 Rg5 0-1

[Event "Rhein Main op-A 22nd"]
[Site "Bad Homburg"]
[Date "2019.06.19"]
[Round "1"]
[White "Kolthoff, Siegmund"]
[Black "Qayumi, Roman"]
[Result "1/2-1/2"]
[WhiteElo "2058"]
[BlackElo "1725"]
[PlyCount "152"]
[EventDate "2019.06.19"]
[EventType "swiss"]
[EventRounds "9"]
[EventCountry "GER"]
[SourceTitle "EXT 2020"]
[Source "ChessBase"]
[SourceDate "2019.10.17"]
[SourceVersion "1"]
[SourceVersionDate "2019.10.17"]
[SourceQuality "1"]

1. Nf3 c5 2. c4 Nc6 3. d4 cxd4 4. Nxd4 Nf6 5. Nc3 e6 6. a3 Be7 7. e4 0-0 8. Be2 Qc7 9. 0-0 b6 10. Be3 Bb7 11. f3 Nxd4 12. Bxd4 Bc5 13. Kh1 Rfd8 14. Rc1 Rac8 15. Qd2 Bxd4 16. Qxd4 d5 17. cxd5 exd5 18. e5 Ne8 19. Rcd1 Qc5 20. f4 Nc7 21. Bg4 Qxd4 22. Rxd4 Ne6 23. Rfd1 Rc5 24. Bxe6 fxe6 25. Kg1 Rf8 26. h4 Bc6 27. Kf2 Be8 28. Ke3 Bh5 29. Rg1 Bg4 30. g3 Rfc8 31. Rg2 h6 32. Rgd2 Kf7 33. Rb4 Ke7 34. Nb5 a5 35. Rb3 Rc1 36. Rc3 R8xc3+ 37. Nxc3 Rg1 38. Kf2 Rh1 39. Kg2 Rc1 40. Nb5 Kd7 41. Nd4 Rc4 42. Kf2 Rc1 43. Nc2 Rh1 44. Kg2 Rd1 45. Rxd1 Bxd1 46. Nd4 Bg4 47. Kf2 Kc7 48. Ke3 Kd7 49. Kd3 Kc7 50. Kc3 Kb7 51. Nc2 g6 52. Nd4 Kc7 53. b4 Kb7 54. Nc2 Kc6 55. Nd4+ Kb7 56. Nb5 Kc6 57. Nd6 h5 58. Kd4 axb4 59. axb4 Kc7 60. Kd3 Kc6 61. Kc3 Kc7 62. Nb5+ Kc6 63. Nd4+ Kc7 64. Kb3 Bd1+ 65. Ka3 Bg4 66. Ka4 Kb7 67. Kb5 Bh3 68. Ka4 Bg4 69. Kb3 Bd1+ 70. Kc3 Bg4 71. Kd3 Kc7 72. Ke3 Kd7 73. Nb5 Kc6 74. Nd6 Kd7 75. Kd4 Kc6 76. Ke3 Kd7 1/2-1/2

[Event "Rhein Main op-B 21st"]
[Site "Bad Homburg"]
[Date "2018.06.02"]
[Round "5"]
[White "Rieger, Mario"]
[Black "Qayumi, Roman"]
[Result "1-0"]
[WhiteElo "1873"]
[BlackElo "1706"]
[PlyCount "127"]
[EventDate "2018.05.30"]
[EventType "swiss"]
[EventRounds "7"]
[EventCountry "GER"]
[SourceTitle "EXT 2019"]
[Source "ChessBase"]
[SourceDate "2018.10.10"]
[SourceVersion "1"]
[SourceVersionDate "2018.10.10"]
[SourceQuality "1"]

1. d4 d5 2. c4 c6 3. Nf3 Nf6 4. Nc3 dxc4 5. a4 Bf5 6. e3 e6 7. Bxc4 Bb4 8. Qb3 Qe7 9. 0-0 0-0 10. a5 c5 11. Nh4 Nc6 12. Nxf5 exf5 13. dxc5 Qxc5 14. Ra4 Bxc3 15. Qxc3 Ne4 16. Qa3 Qxa3 17. Rxa3 Rfd8 18. a6 Nc5 19. axb7 Nxb7 20. Rd3 Ne5 21. Rxd8+ Rxd8 22. Be2 Nd3 23. Rd1 Nxc1 24. Rxc1 Nd6 25. Rc7 Rc8 26. Rd7 Ne4 27. f3 Nf6 28. Rxa7 g6 29. b3 Ne8 30. Rd7 Nf6 31. Rd2 Rb8 32. Bc4 Rb7 33. Rd6 Ne8 34. Rd8 Kf8 35. Bd5 Rc7 36. Bc4 Rb7 37. Kf2 Ke7 38. Rd2 Nd6 39. Ke2 Nxc4 40. bxc4 Rc7 41. Kd3 Kd6 42. Kd4 f6 43. Ra2 Rc6 44. Ra5 h5 45. c5+ Ke6 46. Rb5 Rc8 47. Rb6+ Ke7 48. Kd5 Rd8+ 49. Rd6 Rc8 50. c6 Rc7 51. Re6+ Kf7 52. Rd6 Ke7 53. Kc5 Ra7 54. Rd2 Ra1 55. Kb6 Rb1+ 56. Kc7 Rc1 57. Kb7 Rb1+ 58. Kc8 Rc1 59. Rd7+ Ke8 60. c7 Ra1 61. Rd8+ Ke7 62. Kb7 Rb1+ 63. Ka6 Ra1+ 64. Kb5 1-0